| 000 | 01083nam0a2200277 4500 | ||
|---|---|---|---|
| 001 | RU\NLR\ONL1\20981 | ||
| 005 | 20260406141714.0 | ||
| 035 | _a(NLR Aleph) 010206704 | ||
| 090 |
_a10255503 _c10255503 |
||
| 100 | _a20121019d1933 |||y0rusy50 ca | ||
| 101 | 0 | _akom | |
| 102 | _aRU | ||
| 105 | _ay ||||||||| | ||
| 200 | 1 |
_aOktabrsa revolucija da roc kommunistjaslen taktika _e"На путях к октябрю" nigalь voзьkv _fI. V. Stalin |
|
| 210 |
_aM. _cPartizdat _d1933 |
||
| 215 |
_a48 с. _d17 |
||
| 541 | 1 |
_aОктябрьская революция и тактика русских коммунистов _zrus |
|
| 606 | 0 |
_aВеликая Октябрьская социалистическая революция _z1917 _9912483 _3RU\NLR\auth\6613825 |
|
| 686 | 1 | _aТ3(2)711 | |
| 700 | 1 |
_4070 _8rus _7ca _aСталин _bИ. В. _f1879-1953 _gИосиф Виссарионович _3RU\NLR\auth\773464 _9113460 |
|
| 801 | 0 |
_aRU _bNLR _c20121019 _gPSBO |
|
| 852 |
_aNLR _bОНЛ _jКоми-з./2-872 |
||
| 942 | _cBOOK | ||
| 980 | _aNB | ||